Factors affecting going public decision in Sri Lanka: Structural equation modelling approach (Record no. 533246)

000 -LEADER
fixed length control field 01355nam a22001337a 4500
008 - FIXED-LENGTH DATA ELEMENTS--GENERAL INFORMATION
fixed length control field 260430b ||||| |||| 00| 0 eng d
100 ## - MAIN ENTRY--PERSONAL NAME
Personal name Riyath, M.I.M. Dayaratne, D.A.I and Jahfer, A.
245 ## - TITLE STATEMENT
Title Factors affecting going public decision in Sri Lanka: Structural equation modelling approach
260 ## - PUBLICATION, DISTRIBUTION, ETC. (IMPRINT)
Place of publication, distribution, etc Vikalpa: The Journal for Decision Makers
300 ## - PHYSICAL DESCRIPTION
Extent 51(1), Jan-Mar, 2026: p.76-97
520 ## - SUMMARY, ETC.
Summary, etc This study aims to identify the factors that influence the decision of companies to go public in Sri Lanka, where many qualified companies remain private despite meeting the listing requirements. The data are collected through a survey, and the analysis is conducted using exploratory factor analysis, binary logistic regression and structural equation modelling. The findings reveal that financing for future growth at a lower cost of capital, corporate image and liquidity, ownership and control rights, market establishments, company size, age and sector impact the decisions, while information and compliance costs and market efficiency do not.-Reproduced

https://journals.sagepub.com/doi/full/10.1177/02560909251394102?_gl=1*120gzcg*_up*MQ..*_ga*NzUxNjcyODAyLjE
3Nzc1NDAxMjU.*_ga_60R758KFDG*czE3Nzc1NDAxMjUkbzEkZzEkdDE3Nzc1NDAxNDAkajQ1JGwwJGgzNTU2NjEzMjE.
773 ## - HOST ITEM ENTRY
Main entry heading Vikalpa: The Journal for Decision Makers
942 ## - ADDED ENTRY ELEMENTS (KOHA)
Item type Articles
Holdings
Withdrawn status Lost status Source of classification or shelving scheme Damaged status Not for loan Permanent location Current location Date acquired Serial Enumeration / chronology Barcode Date last seen Koha item type
          Indian Institute of Public Administration Indian Institute of Public Administration 2026-04-30 51(1), Jan-Mar, 2026: p.76-97 AR138757 2026-04-30 Articles

Powered by Koha